Music Quiz

Random Music or Lyrics Quiz

Musical Elements Quiz Stats

 Plays Quiz Updated Mar 15, 2013

Also try: Drinking Songs
Challenge
Share
Tweet
Embed
Score 0/24 Timer 05:00
12 Plays Today
% Correct
gold
86.5%
copper
76.7%
silver
75.4%
neon
72.6%
mercury
71.6%
aluminum
67.9%
nickel
67.4%
helium
65.8%
hydrogen
65.3%
tin
64.2%
arsenic
63.7%
lead
62.8%
% Correct
iodine
60.3%
titanium
57.2%
platinum
56.7%
silicon
56.2%
calcium
51%
carbon
46.9%
oxygen
45%
rhenium
34.8%
chlorine
34.2%
iron
31.3%
plutonium
25.4%
chromium
25.2%

You're not logged in!

Compare scores with friends on all Sporcle quizzes.
Join for Free
OR
Log In

You Might Also Like...

Show Comments

Extras

Top Quizzes Today


Score Distribution

Your Account Isn't Verified!

In order to create a playlist on Sporcle, you need to verify the email address you used during registration. Go to your Sporcle Settings to finish the process.

Report this User

Report this user for behavior that violates our Community Guidelines.

Details: